Preludio seguido de La casa de muñecas / (Registro nro. 6582)

Detalles MARC
000 -LEADER
fixed length control field 01143cam a2200289 i 4500
003 - CONTROL NUMBER IDENTIFIER
control field CO-BoPUJ
005 - DATE AND TIME OF LATEST TRANSACTION
control field 20250820151401.0
008 - FIXED-LENGTH DATA ELEMENTS--GENERAL INFORMATION
fixed length control field 190621s2017 ck ao er 000 jdspa d
020 ## - INTERNATIONAL STANDARD BOOK NUMBER
International Standard Book Number 9789588898926
040 ## - CATALOGING SOURCE
Original cataloging agency CO-JMCR
Transcribing agency CO-JMCR
041 1# - LANGUAGE CODE
Language code of text/sound track or separate title spa
Language code of original eng
082 04 - DEWEY DECIMAL CLASSIFICATION NUMBER
Classification number A-C
Item number MANp
100 1# - MAIN ENTRY--PERSONAL NAME
Personal name Mansfield, Katherine,
Relator term autora
9 (RLIN) 865
245 10 - TITLE STATEMENT
Title Preludio seguido de La casa de muñecas /
Statement of responsibility, etc. Katherine Mansfield ; traducción de Erna Von Der Walde
250 ## - EDITION STATEMENT
Edition statement Primera edición
260 ## - PUBLICATION, DISTRIBUTION, ETC.
Place of publication, distribution, etc. Bogotá :
Name of publisher, distributor, etc. Alcaldía Mayor de Bogotá ; Instituto Distrital de las Artes - IDARTES,
Date of publication, distribution, etc. 2017
300 ## - PHYSICAL DESCRIPTION
Extent 114 páginas :
Other physical details ilustaciones, fotografías a blanco y negro ;
Dimensions 17 cm.
490 0# - SERIES STATEMENT
Series statement Libro al viento universal ;
Volume/sequential designation 120
500 ## - GENERAL NOTE
General note Incluye datos biográficos y fotografía de la autora.
504 ## - BIBLIOGRAPHY, ETC. NOTE
Bibliography, etc. note Bibliografía: página 14
505 0# - FORMATTED CONTENTS NOTE
Title Preludio.--
-- La casa de muñecas.--
586 ## - AWARDS NOTE
Awards note Ganador de la Beca Nacional de Traducción - Inglés, Idartes 2016
650 14 - SUBJECT ADDED ENTRY--TOPICAL TERM
Topical term or geographic name entry element Cuentos neozelandeses
9 (RLIN) 866
650 24 - SUBJECT ADDED ENTRY--TOPICAL TERM
Topical term or geographic name entry element Literatura neozelandesa
9 (RLIN) 867
Chronological subdivision Siglo XX
700 1# - ADDED ENTRY--PERSONAL NAME
Personal name Von Der Walde, Erna,
Relator term traductora
9 (RLIN) 868
942 ## - ADDED ENTRY ELEMENTS (KOHA)
Source of classification or shelving scheme Dewey Decimal Classification
Koha item type Books
Existencias
Withdrawn status Lost status Source of classification or shelving scheme Damaged status Not for loan Collection code Home library Current library Shelving location Date acquired Source of acquisition Full call number Barcode Date last seen Copy number Price effective from Koha item type Cost, normal purchase price
    Dewey Decimal Classification     Fiction Biblioteca Pública José María del Castillo y Rada Biblioteca Pública José María del Castillo y Rada Fiction 02/20/2020 Donación A-C MANp 201809423 02/24/2020 Ej.1 02/24/2020 Books  
    Dewey Decimal Classification     Fiction Biblioteca Pública José María del Castillo y Rada Biblioteca Pública José María del Castillo y Rada Fiction 02/20/2020 Donación A-C MANp 201809457 02/24/2020 Ej.2 02/24/2020 Books 0.00